000 00849nac a22002657a 4500
001 BR0204318
003 BR-BrBNA
005 20240105122708.0
008 230509b bl.|||m| |||| 00| 0 por d
040 _aBR-BrBNA
_bpor
_cBiblioteca Nacional de Agricultura
072 _aF30
090 _a0120 BR0204318
100 1 _aDenucci, S.
110 1 _aCoordenadoria de Assistência Técnica Integral, Campinas, SP (Brasil)
245 1 _aMelhoramento em milho
260 3 _aCampinas, SP (Brasil):
_c2002.
300 _a11 p.
490 _aDocumento Técnico - Coordenadoria de Assistência Técnica Integral (Brazil)
_vno. 117
_xISSN 0101-0344
500 _a6 ref.
650 _aMILHO
650 _aMELHORAMENTO GENÉTICO VEGETAL
650 _aVARIAÇÃO GENÉTICA
909 _a202312
_bLúcia Elande
_c55
_dLúcia Elande
942 _2AGRIS
_n0
_cMS
999 _c292367
_d292367